Byzance : grandeur et decadence
Saved in:
| Main Author: | |
|---|---|
| Format: | Book |
| Language: | French |
| Published: |
Paris :
E. Flammarion,
1919
|
| Series: | Bibliotheque de philosophie scientifique
|
| Subjects: | |
| Tags: |
Add Tag
No Tags, Be the first to tag this record!
|
MARC
| LEADER | 00000cam a2200000 i 4500 | ||
|---|---|---|---|
| 001 | 1/6843 | ||
| 008 | 000617s1919 fre d | ||
| 035 | |l 10062076 | ||
| 040 | |a GR-MY-UA |b gre |e aacr | ||
| 041 | 0 | |a fre | |
| 082 | 0 | |a 938.3 | |
| 100 | 1 | |a Diehl, Charles, |d 1859-1944. | |
| 245 | 1 | 0 | |a Byzance : |b grandeur et decadence / |c Ch. Diehl |
| 260 | |a Paris : |b E. Flammarion, |c 1919 | ||
| 300 | |a 343 p. | ||
| 490 | 1 | |a Bibliotheque de philosophie scientifique | |
| 500 | |a Βρίσκεται σε ειδικό ράφι. Διαθέσιμο μόνο για ανάγνωση, εάν ζητηθεί. | ||
| 505 | 0 | |a Levolution de l'histoire byzantine. - Les causes de la grandeur de Byzance. - Les causes de sa decadence. - La civilisation byzantine et son influence. - L'heritage de Byzance | |
| 651 | 0 | |a Byzantine Empire |x History. | |
| 830 | 0 | |a Bibliotheque de philosophie scientifique | |
| 852 | |a INST |b LESVOS |e 20000617 |h 938.3 DIE |p 005100020964 |q 005100020964 |t BK |y 0 | ||
| 909 | |a Λ |b 043864 | ||
| 970 | |z 2000/06/ΟΙΚΟΝΟΜΟΠΟΥΛΟΥ ΧΡΙΣΤΙΝΑ | ||